000 00574cam a2200145 4500500
005 20260111102035.0
041 _afre
042 _adc
100 1 0 _aCapul, Maurice
_eauthor
245 0 0 _aLes sciences du psychisme et l’enfance « irrégulière », Association pour l’histoire, Vaucresson. Le temps de l’histoire, n° 6, octobre 2004, 326 p., 18,29 €.
260 _c2005.
500 _a5
786 0 _nEmpan | 59 | 3 | 2005-09-01 | p. 204d-209d | 1152-3336
856 4 1 _uhttps://shs.cairn.info/revue-empan-2005-3-page-204d?lang=fr&redirect-ssocas=7080
999 _c1629794
_d1629794